Arias of consolation / (Registro nro. 193028)

Detalles MARC
000 -LEADER
campo de control de longitud fija 01521nam a2200409 i 4500
001 - NÚMERO DE CONTROL
campo de control 193028
003 - IDENTIFICADOR DE NÚMERO DE CONTROL
campo de control ES-MaACL
005 - FECHA Y HORA DE LA ÚLTIMA TRANSACCIÓN
campo de control 20240707063033.0
007 - CAMPO FIJO DE DESCRIPCIÓN FÍSICA--INFORMACIÓN GENERAL
campo de control de longitud fija ta
008 - DATOS DE LONGITUD FIJA--INFORMACIÓN GENERAL
campo de control de longitud fija 230723t20212021ie ac 000 p eng d
010 ## - NÚMERO DE CONTROL DE LA BIBLIOTECA DEL CONGRESO
Número de control de LC 2020415312
020 ## - NÚMERO INTERNACIONAL ESTÁNDAR DEL LIBRO
Número Internacional Estándar del Libro 9781838092634
Información calificativa (paperback)
020 ## - NÚMERO INTERNACIONAL ESTÁNDAR DEL LIBRO
Número Internacional Estándar del Libro 1838092633
Información calificativa (paperback)
035 ## - NÚMERO DE CONTROL DEL SISTEMA
Número de control de sistema (OCoLC)on1288427708
035 ## - NÚMERO DE CONTROL DEL SISTEMA
Número de control de sistema 22371995
040 ## - FUENTE DE CATALOGACIÓN
Centro catalogador/agencia de origen IND
Lengua de catalogación eng
Centro/agencia transcriptor IND
Normas de descripción rda
Centro/agencia modificador DLC
042 ## - CÓDIGO DE AUTENTICACIÓN
Código de autenticación lccopycat
050 00 - SIGNATURA TOPOGRÁFICA DE LA BIBLIOTECA DEL CONGRESO
Número de clasificación PR6062.I314
Número de ítem A6 2021
100 1# - ENTRADA PRINCIPAL--NOMBRE DE PERSONA
Nombre de persona Liddy, John
9 (RLIN) 233834
245 10 - MENCIÓN DEL TÍTULO
Título Arias of consolation /
Mención de responsabilidad, etc. John Liddy ; [foreword Eoin Devereux ; drawings: John Shinnors].
264 #1 - PRODUCCIÓN, PUBLICACIÓN, DISTRIBUCIÓN, FABRICACIÓN Y COPYRIGHT
Producción, publicación, distribución, fabricación y copyright Limerick, Ireland :
Nombre del de productor, editor, distribuidor, fabricante Revival Press,
Fecha de producción, publicación, distribución, fabricación o copyright [2021].
264 #4 - PRODUCCIÓN, PUBLICACIÓN, DISTRIBUCIÓN, FABRICACIÓN Y COPYRIGHT
Fecha de producción, publicación, distribución, fabricación o copyright ©2021
300 ## - DESCRIPCIÓN FÍSICA
Extensión 95 páginas :
Otras características físicas ilustraciones, retratos ;
Dimensiones 23 cm
336 ## - TIPO DE CONTENIDO
Término de tipo de contenido texto
Código de tipo de contenido txt
Fuente rdacontent
337 ## - TIPO DE MEDIO
Nombre/término del tipo de medio sin mediación
Código del tipo de medio n
Fuente rdamedia
338 ## - TIPO DE SOPORTE
Nombre/término del tipo de soporte volumen
Código del tipo de soporte nc
Fuente rdacarrier
500 ## - NOTA GENERAL
Nota general Catalogación provisional. Signatura: N 8552. Depósito J.
655 #7 - TERMINO DE INDIZACIÓN--GENERO/FORMA
Datos o término principal de género/forma Poesías
Fuente del término tgfbne
9 (RLIN) 176539
700 1# - ENTRADA AGREGADA--NOMBRE PERSONAL
Nombre de persona Devereux, Eoin
9 (RLIN) 233835
700 1# - ENTRADA AGREGADA--NOMBRE PERSONAL
Nombre de persona Shinnors, John,
Fechas asociadas al nombre 1950-
9 (RLIN) 233836
852 ## - LOCALIZACIÓN
Ubicación ES-MaACL
Sublocalización o colección R 153373
Ubicación en estantería Depósito J
Número de control de estantería N 8552
Anotaciones manuscritas Firmado por el autor y el ilustrador. Ejemplar 19 de una tirada de 50.
Donativo/Legado Donación: Revival Press
Encuadernación Cartoné
itemnumber 200333
942 ## - ELEMENTOS DE ENTRADA SECUNDARIOS (KOHA)
Suprimir en OPAC No
Tipo de ítem Koha Libro impreso
Existencias
Estatus retirado Estado de pérdida Fuente del sistema de clasificación o colocación Estado de daño No para préstamo Biblioteca de origen Biblioteca actual Ubicación en estantería Fecha de adquisición Fuente de adquisición Total de préstamos Signatura topográfica completa Código de barras Visto por última vez Precio de reemplazo Tipo de ítem Koha
    Clasificación decimal universal     Biblioteca del Ateneo de Madrid Biblioteca del Ateneo de Madrid Depósito J 01/06/2022 Donación   N-8552 101205626 23/07/2023 23/07/2023 Libro impreso